Champions League Teams 24-25 - Statistics

General Stats
  • This quiz has been taken 44 times
  • The average score is 13 of 36
Answer Stats
Hint Answer % Correct
Spain FC Barcelona
97%
Spain Real Madrid
97%
England Manchester City
79%
England Arsenal
76%
England Liverpool
76%
Spain Girona
73%
England Aston VIlla
64%
France PSG
55%
Germany Borussia Dortmund
52%
Italy Inter Milan
52%
Italy AC Milan
48%
Germany Bayer Leverkusen
45%
Portugal Benfica
42%
France Lille
42%
Italy Juventus
36%
Netherlands PSV
36%
Italy Atalanta
33%
Belgium Club Brugge
33%
Scotland Celtic
30%
Netherlands Feyenoord
30%
France Monaco
30%
Spain Atlético de Madrid
27%
Germany Stuttgart
27%
Italy Bologna
21%
Austria Salzburg
21%
Switzerland Young Boys
18%
Croatia Dinamo Zagreb
15%
Portugal Sporting CP
15%
Austria Sturm Graz
15%
Serbia Red Star Belgrade
12%
Slovakia Slovan Bratislava
12%
Czech Republic Sparta Prague
12%
France Stade Brestois
12%
Germany Bayern Muchen
3%
Germany RB Leizpig
3%
Ukraine Shakthar Donetsk
3%
No matching quizzes found
Score Distribution
Percent of People with Each Score
Percentile by Number Answered
Your Score History
You have not taken this quiz